LEADER 00815nam a2200217 i 4500 001 000000162825 003 CaOOAMICUS 005 20100319000000.0 008 100319s1926 it u000 u ita u 013 $a140189 040 $aSeMil$bita 245 10$aTesi ed amici del nuovo protestantesimo. 260 $aRoma :$bBilychnis,$c1926. 300 $a64 p. :$britr. ;$c19 cm. 500 $aEstr. da: Conscientia. 650 4$aProtestantesimo.$0(OLS)http://semarc/subject/936 650 4$aProtestantesimo - Italia.$0(OLS)http://semarc/subject/2649 850 $aSeMil 852 $aSeMil$W1$xVenegono$y1$m2X III 114$j114150$B114150$CSeMilBibl$Z2$F125021 $81 996 $6245$aTesi ed amici del nuovo protestantesimo$9(OLS)http://semarc/title/232290 996 $6260$aRoma :$bBilychnis$9(OLS)http://semarc/publisher/37582 LEADER 01061nam a2200217 i 4500 001 000000239716 003 CaOOAMICUS 005 20150317000000.0 008 150317s1755 it u000 u fre u 013 $a218621 026 $a44is m-en s.du lepa (3) 1755 (R) 040 $aSeMil$bita 245 10$aContenant l'histoire des rois & reines de France depuis Charles 7. jusqu'au commemcement du regne de François 1. 300 $a[4], 523, [1] p. 500 $aSegn. : A-2T8 2V4 2X2. 773 0 $aMézeray, François Eudes : de <1610-1683>$tAbregè chronologique de l'histoire de France. Par le Sieur de Mezeray, Historiographe de France. Tome 1. [-14.].$bNouvelle edition augmentée$dA Amsterdam : Chez David Mortier, 1755.$g7$w()4184 850 $aSeMil 852 $aSeMil$W1$xVenegono$y1$m3E I 44 FA$j190062$B190062$CSeMilBibl$Z2$F200921 $8I 941 1 $a10 961 $aRecupero: Mantegazza 996 $6245$aContenant l'histoire des rois & reines de France depuis Charles 7. jusqu'au commemcement du regne de François 1$9(OLS)http://semarc/title/341384